Fußball EM-Teilnehmer (1960-2024) - Statistiken

Allgemein
  • Dieses Quiz wurde 270 mal gespielt
  • Das Durchschnittsergebnis liegt bei 32 aus 36
Antwortstatistiken
Teilnahmen Land % Korrekt
14 Deutschland
100%
12 Spanien
99%
11 England
98%
11 Frankreich
98%
11 Italien
98%
4 Österreich
98%
11 Niederlande
97%
9 Portugal
97%
7 Belgien
96%
12 Russland; Sowjetunion; GUS
96%
6 Schweiz
96%
7 Schweden
95%
10 Dänemark
94%
4 Polen
93%
4 Griechenland
91%
3 Irland
91%
2 Slowenien
91%
11 Tschechien; Tschechoslowakei
91%
6 Türkei
91%
4 Ukraine
91%
5 Ungarn
91%
3 Slowakei
90%
7 Kroatien
89%
1 Norwegen
89%
4 Schottland
89%
1 Finnland
86%
6 Rumänien
85%
1 Island
83%
6 Jugoslawien; Serbien
83%
2 Wales
83%
2 Bulgarien
81%
2 Albanien
79%
1 Nordirland
74%
1 Lettland
71%
1 Nordmazedonien
70%
1 Georgien
68%
Keine übereinstimmenden Quizze gefunden
Verteilung der Resultate
Anzahl Personen mit jedem Resultat
Perzentil nach korrekt beantworteten Fragen
Ihre Resultats-Entwicklung
Sie haben dieses Quiz noch nicht gespielt